33 historiadores dominicanos / (Registro nro. 13401)
[ vista simple ]
| 000 -LIDER | |
|---|---|
| fixed length control field | 00833nam a22002537a 4500 |
| 003 - IDENTIFICACDOR DE NÚMERO DE CONTROL | |
| control field | DO-SdBNP |
| 005 - DATE AND TIME OF LATEST TRANSACTION | |
| control field | 20220303114005.0 |
| 008 - ELEMENTOS DE LONGITUD FIJA | |
| fixed length control field | 210317b2002 dr ||00| 0 spa d |
| 020 ## - ISBN | |
| International Standard Book Number | 9993439088 |
| 040 ## - FUENTE DE CATALOGACIÓN | |
| Agencia que crea de manera original el registro | BPMSU |
| Idioma de catalogación | spa |
| Agencia que realiza la transcripción | BPMSU |
| 082 ## - NÚMERO DE CLASIFICACIÓN DECIMAL DE DEWEY | |
| Classification number | R928.71 |
| Item number | G984t 2002 |
| Edition number | 22 |
| 100 1# - ASIENTO PRINCIPAL -- NOMBRE PERSONAL | |
| Nombre personal | Gutiérrez, Franklin |
| Fechas asociadas con el nombre | 1951 - |
| 245 10 - MENCIÓN DE TITULO | |
| Título | 33 historiadores dominicanos / |
| Mención de responsabilidad | Franklin Gutiérrez |
| 246 13 - VARIACION DEL TÍTULO | |
| Título propiamente dicho o título corto | Treinta y tres historiadores dominicanos |
| 260 ## - PUBLICACIÓN, DISTRIBUCIÓN, ETC. (PIE DE IMPRENTA) | |
| Lugar de publicación, distribución, etc | Santo Domingo : |
| Nombre del editor, distribuidor, etc. | Librería la Trinitaria, |
| Fecha de publicación, distribución, etc | 2002. |
| 300 ## - DESCRIPCIÓN FÍSICA | |
| Extensión | 161 p. : |
| Otros detalles físicos | il. ; |
| Dimensiones | 25 cm. |
| 500 ## - NOTA GENERAL | |
| Nota general | Incluye datos biográfico del autor en la en la contracubierta |
| 504 ## - NOTA DE BIBLIOGRAFÍA, ETC. | |
| Bibliography, etc | Bibliografía : p.159 - 161 |
| 590 ## - NOTA LOCAL | |
| Texto de la nota local | Inventariado, 2021/VM |
| 650 #4 - ENCABEZAMIENTO DE MATERIA--TEMÁTICO | |
| Término temático o nombre geográfico como elemento de entrada | Historiadores dominicanos |
| 650 #4 - ENCABEZAMIENTO DE MATERIA--TEMÁTICO | |
| Término temático o nombre geográfico como elemento de entrada | Autores dominicanos |
| 910 ## - VALIDACIÓN | |
| Validación | MCabrera/VMateo |
| 942 ## - ADDED ENTRY ELEMENTS (KOHA) | |
| Source of classification or shelving scheme | Dewey Decimal Classification |
| Koha item type | Libros |
| Withdrawn status | Lost status | Source of classification or shelving scheme | Damaged status | Not for loan | Collection code | Home library | Current library | Date acquired | Source of acquisition | Full call number | Barcode | Date last seen | Price effective from | Koha item type | Total Checkouts | Copy number |
|---|---|---|---|---|---|---|---|---|---|---|---|---|---|---|---|---|
| Dewey Decimal Classification | Colección Dominicana | Biblioteca Pública Metropolitana Salomé Ureña | Biblioteca Pública Metropolitana Salomé Ureña | 03/17/2021 | Compra | BPMSU CD R928 G984t 2002 | BPMSU21030047 | 03/17/2021 | 03/17/2021 | Libros | ||||||
| Dewey Decimal Classification | Colección Dominicana | Biblioteca Pública Metropolitana Salomé Ureña | Biblioteca Pública Metropolitana Salomé Ureña | 03/17/2021 | Compra | BPMSU CD R928 G984t 2002 | BPMSU21030048 | 03/17/2021 | 03/17/2021 | Libros | e.2 | |||||
| Dewey Decimal Classification | Colección Dominicana | Biblioteca Pública Metropolitana Salomé Ureña | Biblioteca Pública Metropolitana Salomé Ureña | 03/17/2021 | Compra | BPMSU CD R928 G984t 2002 | BPMSU21030049 | 03/17/2021 | 03/17/2021 | Libros | e.3 |